00611cam a22001457a 4500008004000000082001500040245017200055260002300227300001000250650001800260650001800278700006400296999001900360952008600379180718b1965 xxu||||| |||| 00| 0 eng d aT11x5 In8a aAsian studies in income and wealth: papers presented at the first Asian Conference on Income and Wealthcby International Association for Research in Income and Wealth aBombaybAsiac1965 a305p. aIncome - Asia aWealth - Asia aInternational Association for Research in Income and Wealth c370375d370375 00104070aIIPAbIIPAd1994-06-04oT11x5 In8ap37279r2018-07-21w2018-07-21yBK